Management science : a self-correcting approach /

Bibliographic Details
Main Author: Render, Barry
Other Authors: Stair, Ralph M.
Format: Book
Language:English
Published: Boston : Allyn and Bacon, [1978]
Series:Allyn and Bacon series in self-correcting problems.
Subjects:

MARC

Tag First Indicator Second Indicator Subfields
LEADER 00000cam a2200000 i 4500
001 in00000068729
005 20151008050832.0
008 780223s1978 maua 00010 eng
010 |a  78003396  
020 |a 020506079X 
035 |a (OCoLC)03707671 
035 |9 AAG3710AM 
040 |a DLC  |c DLC  |d OCL  |d TXA  |d UtOrBLW 
049 |a TXAM  |c [1159642] 
050 0 0 |a HD31  |b .R443 
082 0 |a 658.4/0076 
100 1 |a Render, Barry. 
245 1 0 |a Management science :  |b a self-correcting approach /  |c Barry Render, Ralph M. Stair, Jr. 
264 1 |a Boston :  |b Allyn and Bacon,  |c [1978] 
264 4 |c ©1978 
300 |a ix, 339 pages :  |b illustrations ;  |c 28 cm. 
336 |a text  |b txt  |2 rdacontent 
337 |a unmediated  |b n  |2 rdamedia 
338 |a volume  |b nc  |2 rdacarrier 
490 1 |a Allyn and Bacon series in self-correcting problems 
650 0 |a Management  |v Problems, exercises, etc. 
650 0 |a Operations research  |x Problems, exercises, etc. 
700 1 |a Stair, Ralph M. 
830 0 |a Allyn and Bacon series in self-correcting problems. 
999 |a MARS 
999 f f |s 020504b8-644b-3bf4-9ab4-701e72edbefc  |i 3cf4ba73-7dc4-39a0-8dd7-c2ed1984afad  |t 0 
952 f f |p ric  |a Texas A&M University  |b Rellis Campus  |c Joint Library Facility  |d Remote Storage  |t 0  |e HD31 .R443  |h Library of Congress classification  |i unmediated -- volume  |m A14802620764 
998 f f |a HD31 .R443  |t 0  |l Remote Storage